Các trường hợp tổng quát của vành nội xạ và vành Quasi-Frobenius (QF)

Đã lưu trong:
书目详细资料
主要作者: Trương Công Quỳnh TS. (Chủ nhiệm đề tài)
格式: 图书
出版: 2010
标签: 添加标签
没有标签, 成为第一个标记此记录!
Thư viện lưu trữ: Mạng thư viện Đại học Đà Nẵng
LEADER 00722nam a2200229 4500
001 000020551
003 16997
005 20150323080358.0
008 150323s2010 sd
100 1 |a Trương Công Quỳnh  |c TS.  |e Chủ nhiệm đề tài 
245 1 0 |a Các trường hợp tổng quát của vành nội xạ và vành Quasi-Frobenius (QF)  |c Trương Công Quỳnh 
260 |c 2010 
500 |a Đề tài NCKH cấp Bộ . Mã số : B2010-03-50 
OWN |a LSP 
999 |a From the UDN01 
TYP |a Mixed Materials 
TYP |a Monograph 
TYP |a Printed language 
980 |a Mạng thư viện Đại học Đà Nẵng